000 00478nam a2200157 a 4500
001 000047027
005 20201002053310.0
008 180411s2004 dr a 000 spa d
020 _a978994512201
040 _aDO-SdBNP
_bspa
_cBNPHU
100 1 _aBeecher Stowe, Harriet Elizabeth
_974886
245 3 _aLa cabaña del Tío Tom. /
_cHarriet Elizabeth Beecher Stowe.
260 _aSanto Domingo :
_bSusaeta,
_c[s.f.].
300 _a79 p. ;
_c22 cm.
590 _aInventariado,2018/DG
999 _c46515
_d46515